000 00991cam a2200277 4500
008 020514n1991 000 0 eng u
020 _a0471932434
035 _a(Sirsi) u117948
041 _aeng
050 _a551.8
_c18
050 _a551.0222
_c18
100 _aMcClay, Ken R.
245 4 _aThe mapping of geological structures
260 _aChichester
_bWiley
_c1991
300 _avi, 161p.
_bill.
_c18cm.
350 _a17.99
490 _aGeological Society of London Handbook
520 _aThis practical guide explains how to describe, measure, and record rock structures. Chapters cover mapping techniques; fold structures; foliations; linear structures; faults and shear zones; joints, veins and stylolites; polyphase deformation; and overall interpretation and analysis. References.
650 _aMAPPING
650 _aGEOLOGY
650 _aGEOLOGICAL MAPS
650 _aROCKS
650 _aGEOLOGICAL SURVEYS
690 _aMAPPING AND MEASUREMENT
942 _n0
999 _c102069
_d102069